[Event "105th British-ch 2018"]
[Site "Hull"]
[Date "2018.07.30"]
[Round "3"]
[White "Bradbury, Neil H"]
[Black "Longson, Sarah N"]
[Result "1-0"]
[WhiteElo "2348"]
[BlackElo "2123"]
[Annotator "TA"]
[PlyCount "113"]
[EventDate "2018.07.28"]
[EventType "swiss"]
[EventCountry "GBR"]
[SourceTitle "playchess.com"]
[Source "ChessBase"]
[SourceQuality "1"]

{[%evp 14,113,25,6,92,29,32,-21,-22,-21,-18,-14,-9,-87,-91,-50,58,54,53,41,51,0,79,69,76,63,132,118,118,100,105,0,337,64,79,89,101,77,114,125,141,40,142,94,131,125,145,15,23,0,148,151,149,150,453,451,432,301,282,287,301,295,302,300,287,297,285,276,362,337,441,450,445,441,412,376,559,476,600,580,660,660,868,855,818,775,1219,1117,1416,1250,2141,1960,4133,4133,29976,29977,29978,29979,29978,29979,29977,29976]} 1. d4 d5 2. c4 dxc4 3. e4 Nc6 4. Be3 Nf6 5. f3 e5 6. d5 Nd4 7. Bxd4 {D20: Queen's Gambit Accepted: 3 e3 and 3 e4} (7. Ne2 c6 8. Nxd4 exd4 9. Qxd4 cxd5 10. Nc3 Bb4 11. O-O-O O-O 12. e5 Bxc3 13. Qxc3 Ne8 14. Bxc4 Be6 {½-½ (55) Cyborowski,L (2580)-Heberla,B (2557) Opole 2007}) 7... exd4 8. Qxd4 {LiveBook: 24 Games} c5 (8... a6 $11) 9. Qxc4 (9. Qd2 $16) 9... Bd6 10. Nc3 $146 (10. Nd2 $14) ({Predecessor:} 10. Ne2 O-O 11. Nec3 a6 12. a4 Re8 13. Nd2 Qc7 14. g3 b5 {1-0 (39) Veenhuizen,R-Koefoed,P Haarlem 1996}) 10... O-O $11 11. g3 a6 12. Qe2 b5 {[%cal Bb7b5,Bb5b4][%mdl 32]} 13. Bg2 (13. Qd2 $11) 13... b4 $17 {[%mdl 1024] Black has strong compensation.} 14. Nd1 {[#]} Re8 ({Better is} 14... Nxd5 $1 $15 {[%mdl 512]} 15. Nf2 (15. exd5 Re8 $17) 15... Nb6) 15. Ne3 $14 Bb7 16. Rd1 Be5 17. Qd2 (17. Qd3 $14) 17... Bd4 (17... Nxd5 $11 18. Nxd5 Bxd5) 18. Ne2 $16 Bxe3 $1 19. Qxe3 Nxd5 (19... Qa5 $1 $14) 20. Qxc5 Rc8 21. Qa7 Qa5 {[#]} 22. Kf2 ({Of course not} 22. exd5 $6 Rc2 $11) ({White has to play} 22. O-O $1 $16) 22... Rc7 $2 {[%mdl 8192]} (22... Rc2 $11 {and Black is okay.}) 23. Qd4 $2 ({White must play} 23. exd5 $18 {Strongly threatening Rhe1.} Ba8 24. Qd4) 23... Nf6 24. Rc1 Rd7 25. Qc5 Qxa2 26. Qxb4 a5 27. Qc3 (27. Qb6 $16) 27... Ba6 (27... Red8 $14) 28. Rhd1 Rb7 29. Rd2 {aiming for Qc6.} Rb3 {[#]} 30. Qd4 ({White should play} 30. Ra1 $1 $16 {[%mdl 512]} Qxa1 31. Qxb3 Bxe2 32. Rxe2) 30... Rb4 $11 31. Qc3 ({White should try} 31. Qc5 $11) 31... Rb3 $16 {[#]} 32. Ra1 $1 {[%mdl 512]} Qxa1 33. Qxb3 {Black must now prevent Rd1.} h6 $2 (33... Bxe2 $16 {is more resistant.} 34. Rxe2 Qc1) 34. Rd1 $18 Bc4 35. Rxa1 Bxb3 36. Rxa5 Rb8 37. e5 Nd7 38. f4 Bc4 39. Ra8 Rxa8 40. Bxa8 {[%mdl 4096] Endgame KBN-KBN} Nc5 41. Nc1 g5 42. Ke3 Bf1 43. Bd5 gxf4+ 44. gxf4 Na4 (44... Kf8 $142 45. Bf3 f6 46. exf6 Kf7) 45. b3 {[%cal Bb2b3,Bb3b4,Bb4b5][%mdl 32]} Nb6 46. Bc6 Kg7 47. Kd4 Bh3 48. Kc5 Nc8 49. b4 f6 50. Ne2 Kf7 51. b5 Bf1 52. Nd4 fxe5 53. fxe5 h5 54. b6 {White mates.} Nxb6 55. Kxb6 Bd3 56. Kc7 Ke7 57. Bd7 {Precision: White = 50%, Black = 25%.} 1-0

[Event "105th British-ch 2018"]
[Site "Hull"]
[Date "2018.07.30"]
[Round "3"]
[White "Murphy, Conor E"]
[Black "Tan, Justin Hy"]
[Result "0-1"]
[WhiteElo "2336"]
[BlackElo "2481"]
[Annotator "TA"]
[PlyCount "30"]
[EventDate "2018.07.28"]
[EventType "swiss"]
[EventCountry "GBR"]
[SourceTitle "playchess.com"]
[Source "ChessBase"]
[SourceQuality "1"]

{[%evp 10,30,22,0,10,-110,-56,-116,-105,-110,-114,-121,-104,-117,-81,-172,-160,-175,-167,-321,-329,-649,-664]} 1. d4 d5 2. c4 e6 3. Nf3 a6 4. cxd5 exd5 5. Nc3 Nf6 6. Qc2 {LiveBook: 3 Games. D37: Queen's Gambit Declined: 5 Bf4} (6. Bg5 Be6 7. e3 Nbd7 8. Bd3 Bd6 9. O-O O-O 10. Rc1 c6 11. Bf4 Bxf4 12. exf4 Bg4 13. Be2 Bxf3 14. Bxf3 {1-0 (122) Nakamura,H (2769)-Caruana,F (2816) Paris 2018}) 6... Be6 7. e4 $146 (7. Bf4 $11) ({Predecessor:} 7. Bg5 Nbd7 8. e3 h6 9. Bh4 g5 10. Bg3 Nh5 11. Bd3 Nxg3 12. hxg3 Bg7 13. Bf5 Qf6 {0-1 (27) Mikrut,D (2406)-Heberla,B (2580) Poland 2017}) 7... Nxe4 (7... dxe4 $17 8. Ng5 Qd7) 8. Nxe4 ({Better is} 8. Bd3 $15) 8... dxe4 $17 9. Qxe4 {next Bc4 is good for White.} Bb4+ 10. Bd2 {[#]} Bxd2+ $1 11. Nxd2 Nc6 12. Nb3 (12. Bc4 $17 Nxd4 13. O-O) 12... O-O $19 13. Bd3 {[%csl Gd3][%cal Re4h7]} g6 14. Nc5 $2 {[#]} (14. O-O) 14... Bf5 ({Not} 14... Qxd4 15. Nxe6 fxe6 16. O-O $15) (14... Nxd4 15. Nxe6 Nxe6 16. O-O $17) 15. Qf3 $2 (15. Qf4 Re8+ 16. Kf1 Nxd4 17. Rd1) 15... Nxd4 {Precision: White =  8%, Black = 62%.} 0-1

[Event "105th British-ch 2018"]
[Site "Hull"]
[Date "2018.07.30"]
[Round "3"]
[White "Fitzsimons, David"]
[Black "Maroroa, Sue Y"]
[Result "1/2-1/2"]
[WhiteElo "2328"]
[BlackElo "2104"]
[Annotator "TA"]
[PlyCount "101"]
[EventDate "2018.07.28"]
[EventType "swiss"]
[EventCountry "GBR"]
[SourceTitle "playchess.com"]
[Source "ChessBase"]
[SourceQuality "1"]

{[%evp 28,101,28,0,33,30,41,19,75,86,98,94,25,9,20,3,22,-7,0,0,0,0,0,0,0,0,0,0,0,0,17,33,147,154,323,324,343,312,413,52,75,60,60,37,25,1,45,-47,-47,-93,-86,-94,0,0,0,-93,-30,-27,-25,-22,-22,-28,-10,-36,-40,-58,0,0,0,0,0,0,0,0,0,0]} 1. Nf3 Nf6 2. c4 g6 3. g3 Bg7 4. Bg2 O-O 5. O-O d6 6. Nc3 Nc6 7. d3 e5 8. Rb1 a5 9. a3 {[%cal Ba2a3,Ba3b4,Bb4b5][%mdl 32]} h6 10. b4 axb4 11. axb4 Be6 12. b5 Ne7 13. Qb3 Qd7 14. Rd1 {A26: English Opening vs King's Indian with ...Nc6 and d3} (14. d4 exd4 15. Nxd4 Bh3 16. Rd1 Bxg2 17. Kxg2 Nf5 18. Nxf5 Qxf5 19. f3 Qe6 20. e4 c6 21. Bf4 Rfd8 {½-½ (42) Gashimov,V (2733)-Andriasian,Z (2585) Warsaw 2010}) 14... Bh3 15. Bh1 {LiveBook: 9 Games} Rab8 16. Ba3 {White is slightly better.} Ng4 17. Nd2 Kh7 $146 (17... Rfd8 $11) ({Predecessor:} 17... Kh8 18. c5 f5 19. cxd6 cxd6 20. Qb4 Nc8 21. Nd5 h5 {1-0 (58) Tammert,I (2290)-Gabriel,M Germany 2012}) 18. c5 $1 $16 f5 19. cxd6 cxd6 20. Qb4 Rbd8 21. Rbc1 f4 22. Nce4 {[%cal Rb4d6]} Nf5 23. Nf3 $1 d5 24. Neg5+ hxg5 25. Nxg5+ Kg8 26. Nxh3 Nd4 27. Qe1 $1 fxg3 28. hxg3 Rf6 29. Rc5 Qe6 {[#]} (29... Bf8 $14 30. Bg2 (30. Rxd5 $2 Qh7 $17) 30... Qh7) 30. e3 $1 {[%cal Re3d4]} b6 $2 (30... Nxf2 $16 31. Nxf2 Nf3+ 32. Bxf3 Rxf3) 31. Ng5 $18 (31. exd4 bxc5 32. dxc5 Bh6 $16) 31... Qf5 32. Rxd5 Ra8 {[#]} 33. Rxd4 $2 ({Worse is} 33. exd4 Qxg5 34. Rd2 (34. Rxe5 $2 Qh6 $17) 34... Nxf2 $11) (33. f4 $1 $18 Nc2 34. Qe2 (34. e4 Qc8 $17)) 33... exd4 $14 34. Bxa8 Qxg5 35. Be7 ({Wrong is} 35. exd4 $2 Rxf2 36. Qe6+ Kh7 $17) 35... dxe3 36. Bxf6 Bxf6 37. fxe3 (37. f4 $1 $14 Qh5 38. Kg2) 37... Nxe3 $15 38. Rd2 {d4 is the strong threat.} Bc3 {[%mdl 1024] Black has strong compensation.} 39. Kh1 Qh6+ (39... Bxd2 40. Qxd2 Qxg3 41. Qh2 $11) (39... Qe5 $17 40. d4 Bxd2 41. Qxd2 Qxg3) 40. Kg1 $11 Qg5 ({Black should play} 40... Bd4 $11 41. Rf2 Qh3) 41. Kh1 $1 $17 Kg7 ({But not} 41... Bxd2 42. Qxd2 Qxg3 43. Qh2 $15) (41... Qe5 $17 42. d4 Bxd2 43. Qxd2 Qxg3) 42. Qc1 $1 $11 {[%cal Rc1c3]} Bxd2 43. Qxd2 Qxg3 {Threatens to win with ...Ng4.} 44. Qb2+ Kf7 45. Qa2+ Kf6 {aiming for ...Qe1+.} 46. Qa1+ Kf7 (46... Qe5 $15 47. Qxe5+ Kxe5) 47. Qa7+ {The position is equal.} Kf8 48. Qxb6 Qh4+ 49. Kg1 Qg3+ 50. Kh1 Qh3+ 51. Kg1 {Precision: White = 44%, Black = 38%.} 1/2-1/2

[Event "105th British-ch 2018"]
[Site "Hull"]
[Date "2018.07.30"]
[Round "3"]
[White "Webb, Laurence E"]
[Black "Wells, Peter K"]
[Result "0-1"]
[WhiteElo "2306"]
[BlackElo "2426"]
[Annotator "TA"]
[PlyCount "54"]
[EventDate "2018.07.28"]
[EventType "swiss"]
[EventCountry "GBR"]
[SourceTitle "playchess.com"]
[Source "ChessBase"]
[SourceQuality "1"]

{[%evp 23,54,-18,0,-58,-56,-123,-125,-224,-214,-214,-212,-215,-221,-258,-255,-255,-256,-327,-245,-241,-249,-250,-247,-257,-259,-253,-256,-283,-277,-402,-397,-397,-402]} 1. e4 e5 2. Nf3 Nc6 3. Bb5 a6 4. Bxc6 dxc6 5. O-O Bd6 6. d4 exd4 7. Qxd4 f6 8. Be3 Be6 9. Nbd2 Ne7 {[%cal Bg8e7,Be7g6,Bg6h4][%mdl 32]} 10. Rad1 Ng6 {C68: Ruy Lopez: Exchange Variation, sidelines} 11. Nc4 Bxc4 12. Qxc4 Qe7 $1 {LiveBook: 29 Games. The position is equal.} 13. Nd4 $146 ({White should play} 13. Rfe1 $11) ({Predecessor:} 13. Rd3 O-O-O 14. Re1 Rhe8 15. Bc1 c5 {½-½ (15) Vachier Lagrave,M (2686)-Roiz,M (2615) Biel 2012}) 13... Qxe4 $15 14. Qb3 (14. Qe6+ $15 Qxe6 15. Nxe6) 14... O-O-O $1 $17 15. Ne6 {[#]} (15. Rfe1 $17 {was worth a try.}) 15... Nh4 $1 $19 {[%csl Gh4][%cal Re4g2][%mdl 512]} 16. f3 {[#]} Qg6 $1 {[%csl Gh4][%cal Rg6g2][%mdl 512]} 17. g4 {[#]} ({But not} 17. g3 $2 Bxg3 $1 {[%mdl 512]} 18. Rxd8+ Rxd8 $19) 17... Rde8 $1 {aiming for ...Nxf3+!} 18. Nc5 {[#]} Bxc5 $1 19. Bxc5 h5 20. Qd3 hxg4 21. Qxg6 Nxg6 22. fxg4 Re4 23. g5 Rg4+ 24. Kh1 Rxg5 25. Bf2 Ne5 26. Be3 {[#]} (26. Bd4 {might work better.}) 26... Rxh2+ $1 {[%mdl 512]} 27. Kxh2 Ng4+ {Precision: White = 26%, Black = 98%.} 0-1

[Event "105th British-ch 2018"]
[Site "Hull"]
[Date "2018.07.30"]
[Round "3"]
[White "Zapolskis, Antanas"]
[Black "Thurlow, Kevin J"]
[Result "1-0"]
[WhiteElo "2283"]
[BlackElo "2030"]
[Annotator "NA"]
[PlyCount "35"]
[EventDate "2018.07.28"]
[EventType "swiss"]
[EventCountry "GBR"]
[SourceTitle "playchess.com"]
[Source "ChessBase"]
[SourceQuality "1"]
[TimeControl "40/5400+30:1800+30"]

1. e4 {[%emt 0:03:24]} c5 {[%emt 0:00:08]} 2. Nf3 {[%emt 0:00:10]} e6 {[%emt 0:00:11]} 3. d4 {[%emt 0:00:10]} cxd4 {[%emt 0:00:10]} 4. Nxd4 {[%emt 0:00:08]} Nc6 {[%emt 0:00:24]} 5. Nc3 {[%emt 0:00:13]} Qc7 {[%emt 0:00:25]} 6. g3 {[%emt 0:01:19]} a6 {[%emt 0:00:34]} 7. Bg2 {[%emt 0:00:18]} Nf6 {[%emt 0:01:00]} 8. Nb3 {[%emt 0:01:23]} Be7 {[%emt 0:01:29]} 9. a4 {[%emt 0:01:11]} O-O {[%emt 0:02:24]} 10. O-O {[%emt 0:00:31]} Rb8 {[%emt 0:03:56]} 11. a5 {[%emt 0:03:46]} Bb4 {[%emt 0:07:50]} 12. Bg5 {[%emt 0:15:23]} Nxa5 {[%emt 0:06:08]} 13. e5 {[%emt 0:03:31]} Ne8 {[%emt 0:05:40]} 14. Nxa5 {[%emt 0:05:39]} Bxa5 {[%emt 0:00:09]} 15. Ne4 {[%emt 0:00:41]} f5 {[%emt 0:07:05]} 16. exf6 {[%emt 0:00:19]} Nxf6 {[%emt 0:00:10]} 17. Nxf6+ {[%emt 0:00:17]} gxf6 {[%emt 0:00:09]} 18. Bf4 {[%emt 0:00:36]} 1-0

[Event "105th British-ch 2018"]
[Site "Hull"]
[Date "2018.07.30"]
[Round "3"]
[White "Kalavannan, Koby"]
[Black "Verma, Aditya"]
[Result "*"]
[WhiteElo "2277"]
[BlackElo "2084"]
[Annotator "TA"]
[PlyCount "32"]
[EventDate "2018.07.28"]
[EventType "swiss"]
[EventCountry "GBR"]
[SourceTitle "playchess.com"]
[Source "ChessBase"]
[SourceQuality "1"]

{[%evp 23,32,18,41,0,0,-8,0,-14,7,-8,0]} 1. d4 d5 2. Nf3 Nf6 3. c4 c6 4. Qb3 dxc4 5. Qxc4 Bf5 6. g3 e6 7. Bg2 Nbd7 8. O-O Be7 9. e3 O-O {D23: Queen's Gambit Accepted: 3 Nf3 Nf6 sidelines} 10. Rd1 Qc7 11. Nc3 Rac8 12. Qe2 Ne4 {LiveBook: 6 Games} 13. Nh4 $146 ({Predecessor:} 13. Ne1 Nxc3 14. bxc3 c5 15. e4 Bg6 16. Nd3 cxd4 17. cxd4 {½-½ (28) Khenkin,I (2614)-Sandipan,C (2641) Bad Wiessee 2010}) 13... Nxc3 {The position is equal.} 14. bxc3 Bxh4 $1 15. gxh4 {[#] aiming for e4.} Nf6 16. e4 Bg6 *

[Event "105th British-ch 2018"]
[Site "Hull"]
[Date "2018.07.30"]
[Round "3"]
[White "McMichael, Richard J"]
[Black "Houska, Jovanka"]
[Result "0-1"]
[WhiteElo "2245"]
[BlackElo "2406"]
[Annotator "NA"]
[PlyCount "86"]
[EventDate "2018.07.28"]
[EventType "swiss"]
[EventCountry "GBR"]
[SourceTitle "playchess.com"]
[Source "ChessBase"]
[SourceQuality "1"]
[TimeControl "40/5400+30:1800+30"]

1. e3 {[%emt 0:00:01]} g6 {[%emt 0:01:14]} 2. f4 {[%emt 0:00:22]} d5 {[%emt 0:00:37]} 3. Nf3 {[%emt 0:00:20]} Bg7 {[%emt 0:00:15]} 4. c3 {[%emt 0:00:57]} c5 {[%emt 0:00:40]} 5. d4 {[%emt 0:00:17]} Qc7 {[%emt 0:01:05]} 6. Bd3 {[%emt 0:00:45]} Nh6 {[%emt 0:00:31]} 7. O-O {[%emt 0:00:46]} Bf5 {[%emt 0:01:02]} 8. Be2 {[%emt 0:01:31]} O-O {[%emt 0:01:50]} 9. h3 {[%emt 0:00:23]} Bxb1 {[%emt 0:00:42]} 10. Rxb1 {[%emt 0:00:06]} Nf5 {[%emt 0:00:24]} 11. Qe1 {[%emt 0:02:26]} Nd7 {[%emt 0:03:08]} 12. Bd3 {[%emt 0:03:07]} Nd6 {[%emt 0:01:50]} 13. g4 {[%emt 0:08:06]} Nf6 {[%emt 0:03:58]} 14. Qg3 {[%emt 0:03:04]} Nfe4 {[%emt 0:06:01]} 15. Qg2 {[%emt 0:00:35]} f6 {[%emt 0:14:15]} 16. Nd2 {[%emt 0:04:23]} Qc6 {[%emt 0:06:49]} 17. Nxe4 {[%emt 0:06:04]} Nxe4 {[%emt 0:01:08]} 18. f5 {[%emt 0:04:18]} e6 {[%emt 0:11:19]} 19. Bxe4 {[%emt 0:06:20]} dxe4 {[%emt 0:00:04]} 20. Bd2 {[%emt 0:02:49]} Rad8 {[%emt 0:02:12]} 21. Kh1 {[%emt 0:07:42]} Kh8 {[%emt 0:02:07]} 22. fxg6 {[%emt 0:04:08]} hxg6 {[%emt 0:00:06]} 23. Be1 {[%emt 0:00:20]} e5 {[%emt 0:02:20]} 24. dxe5 {[%emt 0:02:19]} fxe5 {[%emt 0:00:03]} 25. Bg3 {[%emt 0:00:47]} Rf3 {[%emt 0:00:08]} 26. Rxf3 {[%emt 0:03:10]} exf3 {[%emt 0:01:41]} 27. Qc2 {[%emt 0:04:08]} Kh7 {[%emt 0:13:06]} 28. Rd1 {[%emt 0:12:23]} c4 {[%emt 0:02:30]} 29. Kg1 {[%emt 0:02:40]} Rd5 {[%emt 0:01:02]} 30. Kf2 {[%emt 0:05:36]} e4 {[%emt 0:00:34]} 31. Rd4 {[%emt 0:10:32]} Bxd4 {[%emt 0:00:36]} 32. cxd4 {[%emt 0:00:19]} Rb5 {[%emt 0:00:48]} 33. Be5 {[%emt 0:00:13]} Kg8 {[%emt 0:01:47]} 34. Kg3 {[%emt 0:01:14]} Kf7 {[%emt 0:01:26]} 35. h4 {[%emt 0:00:27]} Ke6 {[%emt 0:00:11]} 36. h5 {[%emt 0:00:55]} gxh5 {[%emt 0:01:29]} 37. gxh5 {[%emt 0:00:13]} Rxe5 {[%emt 0:05:05]} 38. dxe5 {[%emt 0:00:18]} Qd5 {[%emt 0:02:34]} 39. Kf2 {[%emt 0:02:09]} b5 {[%emt 0:00:52]} 40. Kg3 {[%emt 0:01:54]} Qxe5+ {[%emt 0:00:04]} 41. Kh4 {[%emt 0:00:02]} Qf6+ {[%emt 0:00:37]} 42. Kg4 {[%emt 0:00:25]} Qf5+ {[%emt 0:00:07]} 43. Kg3 {[%emt 0:00:10]} Qg5+ {[%emt 0:00:08]} 0-1

[Event "105th British-ch 2018"]
[Site "Hull"]
[Date "2018.07.30"]
[Round "3"]
[White "Wall, Tim P"]
[Black "McPhillips, Joseph"]
[Result "1-0"]
[WhiteElo "2234"]
[BlackElo "2402"]
[Annotator "NA"]
[PlyCount "61"]
[EventDate "2018.07.28"]
[EventType "swiss"]
[EventCountry "GBR"]
[SourceTitle "playchess.com"]
[Source "ChessBase"]
[SourceQuality "1"]
[TimeControl "40/5400+30:1800+30"]

1. e4 {[%emt 0:00:10]} e6 {[%emt 0:00:57]} 2. d4 {[%emt 0:00:15]} d5 {[%emt 0:00:05]} 3. e5 {[%emt 0:00:10]} c5 {[%emt 0:00:10]} 4. c3 {[%emt 0:00:08]} Nc6 {[%emt 0:01:12]} 5. Nf3 {[%emt 0:00:25]} Qb6 {[%emt 0:02:24]} 6. Bd3 {[%emt 0:02:01]} Nh6 {[%emt 0:05:14]} 7. O-O {[%emt 0:05:53]} cxd4 {[%emt 0:00:06]} 8. cxd4 {[%emt 0:00:24]} Nf5 {[%emt 0:00:03]} 9. Bxf5 {[%emt 0:00:24]} exf5 {[%emt 0:00:04]} 10. Nc3 {[%emt 0:00:13]} Be6 {[%emt 0:00:02]} 11. a3 {[%emt 0:01:27]} Be7 {[%emt 0:10:57]} 12. b4 {[%emt 0:01:10]} O-O {[%emt 0:00:50]} 13. Qd3 {[%emt 0:02:07]} h6 {[%emt 0:01:13]} 14. Be3 {[%emt 0:03:03]} g5 {[%emt 0:08:42]} 15. g3 {[%emt 0:13:15]} Qd8 {[%emt 0:02:52]} 16. Ne1 {[%emt 0:05:43]} f4 {[%emt 0:12:55]} 17. gxf4 {[%emt 0:08:12]} Qd7 {[%emt 0:00:03]} 18. Kh1 {[%emt 0:04:01]} Bf5 {[%emt 0:01:24]} 19. Qd2 {[%emt 0:06:57]} g4 {[%emt 0:00:03]} 20. f3 {[%emt 0:10:27]} h5 {[%emt 0:00:45]} 21. Ne2 {[%emt 0:02:58]} h4 {[%emt 0:19:13]} 22. Nc3 {[%emt 0:01:15]} Kh8 {[%emt 0:00:57]} 23. fxg4 {[%emt 0:06:16]} Bxg4 {[%emt 0:00:03]} 24. f5 {[%emt 0:00:12]} Bxf5 {[%emt 0:00:58]} 25. Bg5 {[%emt 0:06:24]} Bh7 {[%emt 0:04:11]} 26. Bf6+ {[%emt 0:06:08]} Bxf6 {[%emt 0:03:46]} 27. Rxf6 {[%emt 0:00:09]} Rg8 {[%emt 0:10:11]} 28. Nf3 {[%emt 0:03:03]} Rg4 {[%emt 0:01:04]} 29. Ng5 {[%emt 0:02:59]} Rxd4 {[%emt 0:04:17]} 30. Qf2 {[%emt 0:00:54]} Rg4 {[%emt 0:02:20]} 31. Rxf7 {[%emt 0:02:08]} 1-0

[Event "105th British-ch 2018"]
[Site "Hull"]
[Date "2018.07.30"]
[Round "3"]
[White "Tozer, Philip Aa"]
[Black "Pollack, Oscar"]
[Result "1-0"]
[WhiteElo "2142"]
[BlackElo "2064"]
[Annotator "TA"]
[PlyCount "91"]
[EventDate "2018.07.28"]
[EventType "swiss"]
[EventCountry "GBR"]
[SourceTitle "playchess.com"]
[Source "ChessBase"]
[SourceQuality "1"]

{[%evp 13,91,18,27,22,26,25,52,47,43,43,43,43,61,60,71,81,96,51,57,47,43,16,30,30,30,22,30,40,54,33,58,26,56,45,165,155,199,210,202,206,177,131,137,123,112,52,93,0,123,120,108,120,113,114,79,97,110,23,31,24,154,31,131,91,133,63,110,59,68,76,100,125,397,386,385,377,1091,1019,29989,495]} 1. c4 e5 {[%cal Be7e5,Be5e4][%mdl 32]} 2. g3 Nc6 3. Nc3 f5 4. Nf3 Nf6 (4... d6 5. d4 e4 6. d5 Ne5 7. Nxe5 dxe5 8. g4 g6 9. gxf5 gxf5 10. Rg1 Nf6 11. Bg5 Be7 12. e3 Rg8 {1-0 (27) Aronian,L (2793)-Ivanchuk,V (2738) Leuven 2017}) 5. d4 e4 6. Nh4 {[%cal Bf3h4,Bh4g2,Bg2f4][%mdl 32] A27: English Opening: Three Knights Variation} d6 7. Bg5 Be7 {LiveBook: 3 Games} 8. Ng2 {White has an edge.} O-O 9. Nf4 $146 ({Predecessor:} 9. e3 Qe8 10. Nf4 Bd7 11. Be2 Nd8 12. Qb3 c6 13. h4 Rb8 {1-0 (39) Hoogland,D (2098)-Heppell,I (2034) Vale 2017}) 9... Ng4 10. Bxe7 Nxe7 11. h3 Nf6 12. e3 c5 13. Be2 Nc6 14. Qd2 a6 15. Rd1 cxd4 16. exd4 Qe8 17. Nfd5 Nxd5 18. Nxd5 {[#] Nc7 is the strong threat.} Qd8 19. h4 Ne7 20. Nf4 Bd7 21. Kf1 b5 22. Qb4 Qb6 23. c5 dxc5 (23... Qc6 $14) 24. dxc5 $18 Qb7 25. Qb3+ Kh8 26. h5 h6 27. Kg2 Rac8 28. Qc3 Rf6 29. Qe5 ({Better is} 29. Rd2 $16) 29... Re8 30. Qc3 ({White should try} 30. Qd4 $16 Be6 31. Nxe6 Rxe6 32. Qd7) 30... Nc6 (30... Rc8 $1 $11) 31. Ng6+ Kh7 32. Rd6 Rxd6 33. cxd6 Qb6 34. Rd1 Qd8 35. a4 (35. Rd5 $16) 35... bxa4 $11 36. Bxa6 {With the idea Bb5.} Qb6 (36... e3 $11) 37. Be2 (37. Bc4 $16) 37... Rb8 (37... e3 $14) 38. Rd2 Re8 39. Rc2 (39. Bc4 $16) 39... Rc8 40. Qd2 (40. Qe3 $16 Qb7 41. g4) 40... Re8 $14 41. Qe3 Qb4 42. Qc5 {Black must now prevent Qxb4.} Qb8 $2 {[%mdl 8192]} (42... Qb3 $16 {was worth a try.}) 43. Bb5 $18 Rc8 {[#]} 44. Qd5 $1 {[%cal Rc2c6]} Qb6 $2 (44... e3 45. Nf4 (45. Bxc6 Qb3 $14) (45. fxe3 Nb4 $11) (45. Bxa4 Qa8 $16) 45... Qb6) 45. Bxc6 Rxc6 46. Nf8+ {Precision: White = 39%, Black = 27%.} 1-0